La sociedad autogestionaria: dimensión de la democracia real /
El presente trabajo realiza un aporte teórico y metodológico sobre la autogestión de la democracia real, abordando aspectos políticos, sociales, económicos y culturales que determinan la construcción de un nuevo Estado basado en la participación de la sociedad civil.
Uloženo v:
| Korporativní autor: | |
|---|---|
| Médium: | Text |
| Témata: | |
| Tagy: |
Přidat tag
Žádné tagy, Buďte první, kdo vytvoří štítek k tomuto záznamu!
|
MARC
| LEADER | 00000 a a2200000 04500 | ||
|---|---|---|---|
| 001 | 41874 | ||
| 003 | |||
| 040 | |||
| 110 | |a Confederación Latinoamericana de Cooperativas de Trabajadores (COLACOT) | ||
| 245 | |a La sociedad autogestionaria: |b dimensión de la democracia real / |c Confederación Latinoamericana de Cooperativas de Trabajadores (COLACOT) | ||
| 520 | |a El presente trabajo realiza un aporte teórico y metodológico sobre la autogestión de la democracia real, abordando aspectos políticos, sociales, económicos y culturales que determinan la construcción de un nuevo Estado basado en la participación de la sociedad civil. | ||
| 590 | |a SJB/DICIEMBRE2012 | ||
| 650 | |a REGIMEN POLITICO | ||
| 650 | |a SOBERANIA | ||
| 650 | |a CULTURA | ||
| 650 | |a CONFLICTOS SOCIALES | ||
| 650 | |a ESTADO | ||
| 650 | |a SOCIEDAD | ||
| 650 | |a DEMOCRACIA | ||
| 650 | |a DESARROLLO ECONOMICO Y SOCIAL | ||
| 650 | |a AMERICA LATINA | ||
| 773 | |g número5-6 (1985), páginas 125-151 | ||
| 999 | |c 23353 |d 23353 | ||
